| 000 | 00455nab a2200145Ia 4500 | ||
|---|---|---|---|
| 003 | ES-SlBCS | ||
| 005 | 20210601123946.0 | ||
| 008 | 140529s1979 xxu||||| |||| 00| 0 eng d | ||
| 041 | _aeng | ||
| 100 | 1 |
_aMann, William E. _9132336 |
|
| 245 | 0 | 4 |
_aThe Third Man = the Man who Never was _c William E. Mann |
| 650 | 0 | 4 |
_aTeoría de las Formas _9132506 |
| 773 | 0 |
_tAmerican Philosophical Quarterly _gvol. 16, nº. 3, 1979, págs. 167-176 _wRev1386 |
|
| 942 | _cAR | ||
| 999 |
_c506837 _d506837 |
||